000 00350nam a22001457a 4500
003 NUST
020 _a9780007214709
082 _a869.342,COE
100 _aCoelho, Paulo
_93636
245 _aThe Pilgrimage /
_cPaulo Coelho
260 _aHarper Collins
_b London
_c2012
300 _a289 p
650 _aEnglish Literature
_9318
942 _2ddc
_cFIC
999 _c592995
_d592995